Music Quiz

Random Music or Famous Quiz

Rock Band Members Quiz Stats

 Plays Quiz Updated Nov 26, 2013

Support Sporcle.
Go Orange.
Score 0/64 Timer 07:00
13 Plays Today
% Correct
John Lennon
98.8%
Paul McCartney
98.7%
Ringo Starr
98.3%
George Harrison
97.1%
Mick Jagger
95.6%
Kurt Cobain
94.2%
Freddie Mercury
94%
Bono
92.6%
Keith Richards
91.2%
Eddie Van Halen
89.2%
Sting
87.3%
Alex Van Halen
85.4%
Robert Plant
85%
Mick Fleetwood
84.9%
Jim Morrison
84.6%
Jimmy Page
83.8%
Dave Grohl
82.8%
Brian Wilson
81.5%
Pete Townshend
81.3%
Stevie Nicks
80.8%
Flea
79%
The Edge
78.7%
Billie Joe Armstrong
78.6%
Roger Daltrey
78.1%
Brian May
75.8%
Carl Wilson
75.3%
David Lee Roth
74.6%
Anthony Kiedis
73.4%
Keith Moon
72.3%
Roger Waters
71.9%
Don Henley
71.6%
Dennis Wilson
71.5%
% Correct
John Bonham
70.8%
Lindsey Buckingham
69.9%
Ronnie Wood
67.7%
Christine McVie
66.1%
John Paul Jones
65.8%
David Gilmour
65.8%
Glenn Frey
62.4%
Joe Walsh
60.9%
Krist Novoselic
60.8%
Charlie Watts
60.5%
John McVie
58.9%
Stewart Copeland
57.3%
John Entwistle
56.7%
Roger Taylor
53.5%
Mike Love
52.8%
John Frusciante
52.3%
Tré Cool
51.7%
Ray Manzarek
50.9%
Adam Clayton
50.8%
Andy Summers
50.6%
Chad Smith
49.2%
Don Felder
46.9%
John Deacon
45.2%
Mike Dirnt
44.7%
Larry Mullen
43.6%
Robby Krieger
42.7%
Nick Mason
40.4%
Michael Anthony
38.7%
Al Jardine
38.2%
John Densmore
37%
Richard Wright
34.3%
Randy Meisner
34%

You're not logged in!

Compare scores with friends on all Sporcle quizzes.
OR
Log In

From the Vault

5 to 1: US Presidents

by mg10

"Liberty cannot be preserved without general knowledge among the people."
Remove Ads.
Support Sporcle.
Get the best of Sporcle when you Go Orange. This ad-free experience offers more features, more stats, and more fun while also helping to support Sporcle. Thank you for becoming a member.

Show Comments

Extras

Top Quizzes Today


Score Distribution

Your Account Isn't Verified!

In order to create a playlist on Sporcle, you need to verify the email address you used during registration. Go to your Sporcle Settings to finish the process.

Report this User

Report this user for behavior that violates our Community Guidelines.

Details: